| 000 | 00908nam a22002057a 4500 | ||
|---|---|---|---|
| 999 |
_c6214 _d6214 |
||
| 003 | AR-CdUCM | ||
| 008 | 190314b ||||| |||| 00| 0 spa d | ||
| 040 |
_aMUNICIPALIDAD PROVINCIAL DEL CUSCO _cBIBLIOTECA MUNICIPAL DEL CUSCO |
||
| 082 |
_a985.2 / _bF91 |
||
| 100 |
_aFrisancho Pineda, Ignacio _913339 |
||
| 245 | _aHistoria y desarrollo científico y tecnológico en el Altiplano Peruano / | ||
| 260 |
_aLima : _bGrafica Labor, _c1989. |
||
| 300 |
_a253 paginas ; _bIlustraciones _c21 cm. |
||
| 505 | _aDesarrollo de una de las altas culturas a nivel mundial: 10,000 A.C.-1535 -- Conquista y dominación 1534-1780 -- El medio siglo de destrucción 1780-1830 -- Nuevas tecnologías imperialismo y cultura -- El lento proceso tecnológico 1930-1988... | ||
| 650 |
_aConquista y dominación _917918 |
||
| 650 |
_aPuno _93897 |
||
| 650 |
_aProgreso tecnologico _917919 |
||
| 942 |
_2ddc _cLIBROS |
||
| 945 | _awnts | ||